000 00352 a2200169 4500
001 195285
020 _a978-85-08-11333-0
040 _cMagnum
100 _aJunqueira, Sonia
240 1 0 _aO peru de peruca
_l
245 1 0 _aO peru de peruca
300 _a24
362 0 _a2007
440 1 _aÁtica
697 _aLITERATURA INFANTIL
942 _cBK
999 _c195285
_d195285